000 00675nam a22002177a 4500
003 URS
005 20260330100038.0
008 260224b |||||||| |||| 00| 0 eng d
020 _a9786210224115
040 _cURS
050 _aDS 686.614
_b.C1113 2024
100 _aCabalza, Chester B.
245 _aPhilippine territorial defense /
_cChester B. Cabalza.
250 _a2024 Edition.--
264 _aQuezon City :
_bCentral Book Supply, Inc.,
_c©2024.
300 _axii, 204 pages ;
_billustrations :
_c24 cm.
504 _aIncludes bibliographical references.
650 _aNational security
_zPhilippines
650 _aPhilippines
_vDefenses
942 _2lcc
_cF
999 _c98906
_d98903